Biblioteca

Modalidad y esencia (Registro nro. 63981)

Detalles MARC
000 -LÍDER
Campo fijo de descripción fija 01294nam a2200385 i 4500
001 - NÚMERO DE CONTROL
Campo de control 768714001
003 - IDENTIFICADOR DEL NÚMERO DE CONTROL
Campo de control CO-MdFUSB
005 - FECHA Y HORA DE LA ULTIMA TRANSACCIÓN
control field 20180622072549.0
008 - ELEMENTOS DE LONGITUD FIJA -- INFORMACIÓN GENERAL
Campo fijo de descripción fija -- Información general 960829s1996 sp | o||| ||spa
017 ## - COPYRIGHT OR LEGAL DEPOSIT NUMBER
Copyright or legal deposit number NA 216-1996
Assigning agency Oficina Depósito Legal Navarra
020 ## - NÚMERO INTERNACIONAL NORMALIZADO PARA LIBROS
Número Internacional Normalizado del libro 8431313943
040 ## - FUENTE DE CATALOGACIÓN
Agencia de catalogación original SpMaBN
Idioma de catalogación spa
Agencia que realiza la transcripción CO-MdFUSB
Convenciones de la descripción rda
Agencia que realiza la modificación CO-MdFUSBC
041 ## - CÓDIGO DE IDIOMA
Código de idioma para texto/pista de sonido o título separado spa
080 #0 - UNIVERSAL DECIMAL CLASSIFICATION NUMBER
Universal Decimal Classification number 1 Plantinga, Alvin
080 #0 - UNIVERSAL DECIMAL CLASSIFICATION NUMBER
Universal Decimal Classification number 111
082 ## - NÚMERO DE CLASIFICACIÓN DECIMAL DEWEY
Número de la edición del Dewey 23
Número de clasificación 111
Clave de autor-Numero de item M869
100 1# - ASIENTO PRINCIPAL--NOMBRE PERSONAL
Nombre personal Moros, Enrique R.
Término relacionador autor
245 10 - TÍTULO
Título del Material Modalidad y esencia
Parte restante del título - Subtitulo : la metafísica de Alvin Plantinga
Mención de responsabilidad, etc. / Enrique R. Moros Claramunt
264 ## - PRODUCCIÓN, PUBLICACIÓN, DISTRIBUCIÓN, MANUFACTURA, Y COPYRIGHT
Lugar de producción, publicación, distribución, manufactura Pamplona
Nombre del productor, publicador, distribuidor Universidad de Navarra (EUNSA)
Fecha de producción, publicación, distribución, manufactura, o copyright [1996]
300 ## - DESCRIPCIÓN FÍSICA
Extensión 389 págnas.
Dimensiones : 22 cm
336 ## - TIPO DE CONTENIDO
Fuente rdacontent
Término de tipo de contenido
Código de tipo de contenido
337 ## - TIPO DE MEDIO
Fuente rdamedia
Nombre del tipo de medio
Código del tipo de medio
338 ## - TIPO DE SOPORTE
Fuente rdacarrier
Nombre del tipo de soporte
Código Tipo de soporte
490 1# - MENCIÓN DE SERIE
Mención de serie Colección filosófica
504 ## - NOTA DE BIBLIOGRAFÍA, ETC.
Nota de bibliografía, etc Bibliografía: páginas. 357-389
505 ## - NOTA DE CONTENIDO
Título Capítulo 1: La necesidad y el sistema modal
-- Capítulo 2: El sistema metafísico modal
-- Capítulo 3: La metafísica de la esencia
563 ## - NOTA DE ENCUADERNACIÓN
Nota de encuadernación rústico
600 17 - ASIENTO SECUNDARIO DE MATERIA - NOMBRE PERSONAL
Nombre personal Plantinga, Alvin
Subdivisión general Crítica e interpretación
Fuente del encabezamiento o término embne
650 #7 - ASIENTO SECUNDARIO DE MATERIA - TERMINO TEMÁTICO
Término temático o nombre geográfico como elemento de entrada Metafísica
Fuente del encabezamiento o término embne
830 ## - PUNTO DE ACCESO ADICIONAL DE SERIE - TÍTULO UNIFORME
Título uniforme Colección filosófica
Designación de volumen o secuencia 103
942 ## - TIPO DE MATERIAL (KOHA)
Tipo de Item KOHA Libros General
956 ## - LOCAL ELECTRONIC LOCATION AND ACCESS (OCLC)
Host name 2
Existencias
Estado de Material Estado de Perdido Forma de Clasificación Estado de Dañado No para Préstamo Colección Biblioteca de Origen Biblioteca Permanente Fecha de Adquisición Total de Préstamos Signatura Topográfica Código de Barras Última vez visto Ejemplar/Existencia Fecha de Remplazo Tipo de Material
    Dewey Decimal Classification     Colección General Biblioteca FUSBC Biblioteca FUSBC 15/08/2017   G 111 M869m 12971 12/12/2019 Ej. 1 15/08/2017 Libros General

Biblioteca FUSBC | Teléfono: (57+4) 349 88 10 Ext. 141| WhatsApp (+57) 3005338115 
E-mail: biblioteca@unisbc.edu.co | Calle 76 87-14 Robledo Palenque, Medellín, Colombia

Con tecnología Koha